| 000 | nam a22 a 4500 | ||
|---|---|---|---|
| 999 |
_c390095 _d390095 |
||
| 003 | BLK | ||
| 005 | 20201015135818.0 | ||
| 008 | 201015b bul|||||r ||||||| ||bul|| | ||
| 040 | _aBLK | ||
| 041 |
_aBUL _cBUL |
||
| 080 |
_aФизика _b53 _x(075) _z53(075) |
||
| 100 |
_aФролов, П. _eпърви автор _91299 |
||
| 139 | _aФролов, П. | ||
| 245 | 1 | 0 |
_aУчебник по физика _bЗа горните кл. на средните уч. заведения : Ч. 1- _cП. Фролов; mрев. от рус. Г. Табаков; mрев. от рус. Хр. Ангелов. _nЧ. 1 _pСтатика |
| 250 | _a2. съвършено попр. изд | ||
| 257 | _aBGR | ||
| 260 |
_aСофия _bЯнко С. Ковачев _c1898 |
||
| 300 | _c25 см | ||
| 380 | _a5 | ||
| 490 |
_9435080 _aКолекция Редки и ценни издания |
||
| 500 | _aПодвързана с 2 кн. Т.2. и Т. 3. на същото заглавие. | ||
| 505 |
_gЗа горните кл. на средните уч. заведения : Ч. 2 _rФролов, П. _tУчебник по физика |
||
| 505 |
_gЗа горните кл. на средните уч. заведения : Ч. 3 _rФролов, П. _tУчебник по физика |
||
| 650 | 0 |
_9253505 _aФизика - учебници за средни училища |
|
| 700 |
_aТабаков, Г. _eпрев. от рус. _91121 |
||
| 700 |
_aАнгелов, Хр. _eпрев. от рус. _91121 |
||
| 760 | 1 |
_aФролов, П. _b2. съвършено попр. изд _h160 с. _tЧ. 1 Статика |
|
| 760 | 1 |
_aФролов, П. _b2. съвършено попр. изд _h189 с. _tЧ. 2 Динамика. Звук. |
|
| 760 | 1 |
_aФролов, П. _b2. съвършено попр. изд _h284 с. _tЧ. 3 Светлина. Топлина. |
|
| 852 |
_aРб 898 _bРц |
||
| 856 | 4 |
_qpdf _u |
|
| 856 | 4 |
_qpdf _u |
|
| 942 |
_cKNG _n0 _s1 |
||
| 944 |
_c2020-10-15 _kВК |
||
| 999 | _d390095 | ||
| 999 | _d390095 | ||